000 00407 a2200121 4500
100 1 _aKondrat'ev, A.G..
_eAutor
700 1 _aLukin, M.I..
_eAutor
245 0 _aTechnika promyslennogo televidenija /
_cKondrat'ev A.G., Lukin M.I..
710 2 _aLenizdat.
_eWydawca
_4pbl
260 _aLeningrad :
_bLenizdat,
_c1970.
300 _a501 s.;
_c25 cm.
490 1 _aBibliotheque de l'Automaticien
830 0 _aBibliotheque de l'Automaticien
999 _c8546
_d8546